Portfolio management dôchodkových správcovských spoločností diplomová práca

Saved in:
Bibliographic Details
Main Author: Zsitnák, Tomáš
Corporate Author: Obchodná fakulta EU. Katedra medzinárodného obchodu
Other Authors: Poliačik, Ivan
Format: Book
Language:Slovak
Published: Bratislava 2010
Tags: Add Tag
No Tags, Be the first to tag this record!

MARC

LEADER 00000nam a2200000 4500
001 0120256
005 20240318123139.0
041 0 |a slo 
044 |a SK 
245 1 0 |a Portfolio management dôchodkových správcovských spoločností  |b diplomová práca  |c Tomáš Zsitnák ; škol. Ivan Poliačik 
264 1 |a Bratislava  |c 2010 
300 |a 86 s. 
100 1 |a Zsitnák, Tomáš 
700 1 |a Poliačik, Ivan 
710 2 |a Obchodná fakulta EU. Katedra medzinárodného obchodu